000 00600nam a2200205Ia 4500
003 OSt
005 20220925204728.0
006 a|||||r|||| 00| 0
007 ta
008 220923b |||||||| |||| 00| 0 eng d
037 _cGeneral Book
040 _aRTL
_cRTL
_beng
041 _2eng
_aeng
082 _aY:5.236sN71, L1.5.2B2
100 _aCensus of India,1971
245 0 _aGeneral economic tables. Gujrat V.5, Pt. 2B(2).
260 _aGujrat
_bGovt. Press
_c1971
942 _hY:5.236sN71, L1.5.2B2
_cGB
_2CC
999 _c550234
_d550234